| 000 | 00745nam a22002297a 4500 | ||
|---|---|---|---|
| 999 |
_c15684 _d15684 |
||
| 003 | AR-CdUCM | ||
| 008 | 190222b ||||| |||| 00| 0 spa d | ||
| 040 |
_aMUNICIPALIDAD PROVINCIAL DEL CUSCO _cBIBLIOTECA MUNICIPAL DEL CUSCO |
||
| 082 |
_a985.001 / _bAV91 |
||
| 100 |
_aAvendaño Farfan, Angel _922687 |
||
| 110 |
_aMunicipalidad del Cusco _9876 |
||
| 245 |
_aAntología / _cLuis E. Valcarcel |
||
| 260 |
_aCusco : _bConcejo Provincial del Qosqo, _c1991. |
||
| 300 |
_a211 páginas ; _c33 cm. |
||
| 500 | _aNota : Edicion Original del libro Antología de Luis E. Valcarcel | ||
| 650 |
_aHistoria _9136 |
||
| 650 |
_aCusco _9772 |
||
| 650 |
_aIncas _9303 |
||
| 650 |
_aIndigenismo _9208 |
||
| 942 |
_2ddc _cLIBROS |
||
| 945 |
_awnts _d2019-04-29 |
||